000 00395nam a22001457a 4500
008 160304b xxu||||| |||| 00| 0 eng d
020 _a1850447047
050 _aKD1815.A2.L57(1999 vol. 1)
245 _aLloyd's Law Reports. /
_cedited by, M. M D'Souza.
260 _aLondon:
_bLloyd's,
_c1999.
300 _aii, 1051p.:
_c24cm.
440 _vvol. 1
700 _aD'Souza M. M
942 _2lcc
_cBK
999 _c5923
_d13423